En la pintura de Raúl Anguiano. (Record no. 1384)

MARC details
000 -CABECERA
campo de control de longitud fija 00985nam a2200265 a 4500
001 - NÚMERO DE CONTROL
campo de control BRCA_1537
005 - FECHA Y HORA DE LA ÚLTIMA TRANSACCIÓN
campo de control 20190320203450.0
008 - DATOS DE LONGITUD FIJA--INFORMACIÓN GENERAL
campo de control de longitud fija 970616s1986 mx-a---##b---#001-0dspa-#
020 ## - NÚMERO INTERNACIONAL ESTÁNDAR DEL LIBRO
Número Internacional Estándar del Libro 9687037202
040 ## - FUENTE DE LA CATALOGACIÓN
Centro catalogador/agencia de origen DLC
Centro/agencia transcriptor DLC
Centro/agencia modificador DLC
041 ## - CÓDIGO DE LENGUA
Código de lengua del texto/banda sonora o título independiente engspa
050 #4 - SIGNATURA TOPOGRÁFICA DE LA BIBLIOTECA DEL CONGRESO
Número de clasificación ND259.A5
Número de documento/Ítem .A54 1986
100 1# - ENTRADA PRINCIPAL--NOMBRE DE PERSONA
Nombre de persona Anguiano, Raúl
Fechas asociadas al nombre 1915-
9 (RLIN) 4955
245 10 - MENCIÓN DE TÍTULO
Título En la pintura de Raúl Anguiano.
260 ## - PUBLICACIÓN, DISTRIBUCIÓN, ETC.
Lugar de publicación, distribución, etc. México
Nombre del editor, distribuidor, etc. Ediciones de Comunicacíon
Fecha de publicación, distribución, etc. 1986
300 ## - DESCRIPCIÓN FÍSICA
Extensión 175 p.
Otras características físicas il. (algunas a color)
Dimensiones 29 cm.
Material acompañante/anejo 1 hoja suelta firmada por Raúl Anguiano
500 ## - NOTA GENERAL
Nota general Incluye el texto, ´Del cuerpo y los simbolos´, por José Pascual Buxó
500 ## - NOTA GENERAL
Nota general Incluye anexo en inglés e índice de obras
504 ## - NOTA DE BIBLIOGRAFÍA, ETC.
Nota de bibliografía, etc. Bibliografia: p. [151-152]
600 14 - PUNTO DE ACCESO ADICIONAL DE MATERIA--NOMBRE DE PERSONA
Nombre de persona Anguiano, Raúl
Fechas asociadas al nombre 1915-
Subdivisión de forma Catálogos
9 (RLIN) 4956
650 14 - PUNTO DE ACCESO ADICIONAL DE MATERIA--TÉRMINO DE MATERIA
Término de materia o nombre geográfico como elemento de entrada Figura humana en el Arte
Subdivisión de forma Catálogos
9 (RLIN) 4957
650 14 - PUNTO DE ACCESO ADICIONAL DE MATERIA--TÉRMINO DE MATERIA
Término de materia o nombre geográfico como elemento de entrada Simbolismo en el arte
Subdivisión de forma Catálogos
9 (RLIN) 4958
700 1# - PUNTO DE ACCESO ADICIONAL--NOMBRE DE PERSONA
Nombre de persona Buxó, José Pascual
Fechas asociadas al nombre 1931-
Título de la obra Del cuerpo y los simbolos
9 (RLIN) 4959
942 ## - ELEMENTOS DE PUNTO DE ACCESO ADICIONAL (KOHA)
Fuente del sistema de clasificación o colocación Library of Congress Classification
Tipo de ítem Koha Libros
Holdings
Estado de retiro Estado de pérdida Estado dañado No para préstamo Localización permanente Ubicación/localización actual Fecha de adquisición Total de préstamos Signatura topográfica completa Código de barras Fecha visto por última vez Precio válido a partir de Tipo de ítem Koha
El ejemplar forma parte de la colección y puede ser consultado según las políticas vigentes.       Biblioteca del Museo Franz Mayer (Rogerio Casas-Alatriste) Biblioteca del Museo Franz Mayer (Rogerio Casas-Alatriste) 26/06/2008   ND259.A5 .A54 1986 02094 22/03/2019 22/03/2019 Libros